[Event "5th Koge Open 2024"]
[Site "Koge"]
[Date "2024.07.11"]
[Round "5"]
[White "Heimisson, Hilmir Freyr"]
[Black "Fries Nielsen, Jens Ove"]
[Result "1-0"]
[WhiteElo "2392"]
[BlackElo "2347"]
[PlyCount "79"]
[EventDate "2024.07.09"]
[EventType "tourn"]
[EventRounds "9"]
[EventCountry "DEN"]
[SourceTitle "Live from Koge Chess"]

1. c4 e6 2. Nc3 g6 3. Nf3 Bg7 4. d4 Ne7 5. Bf4 h6 6. e4 d5 7. Qb3 g5 8. Be3 dxe4 9. Nxe4 f5 10. Nc5 f4 11. Bd2 Nbc6 12. Bc3 Nf5 13. O-O-O Nfxd4 14. Nxd4 Nxd4 15. Bxd4 Bxd4 16. Be2 e5 17. Bh5+ Kf8 18. Rhe1 Qf6 19. Ne4 Qe7 20. Nc3 Be6 21. Rxd4 exd4 22. Nd5 Qd6 23. Nxc7 Qxc7 24. Rxe6 Rc8 25. Rf6+ Kg7 26. Rf7+ Qxf7 27. Bxf7 Kxf7 28. Qxb7+ Kf6 29. Qa6+ Kf5 30. Qb5+ Kf6 31. Qa6+ Kf5 32. Kd2 Rcd8 33. c5 d3 34. c6 Rc8 35. b4 Ke6 36. Qb7 Rhd8 37. b5 Kd6 38. Qxa7 Ra8 39. c7 Rdc8 40. Qb6+ 1-0

[Event "5th Koge Open 2024"]
[Site "Koge"]
[Date "2024.07.11"]
[Round "6"]
[White "Smith, Axel"]
[Black "Liu, Casper Yukun"]
[Result "1/2-1/2"]
[WhiteElo "2420"]
[BlackElo "2316"]
[PlyCount "20"]
[EventDate "2024.07.09"]
[EventType "tourn"]
[EventRounds "9"]
[EventCountry "DEN"]
[SourceTitle "Live from Koge Chess"]

1. c4 c6 2. d4 d5 3. Nf3 Nf6 4. g3 g6 5. Qa4 Bg7 6. cxd5 Nxd5 7. Bg2 Nb6 8. Qc2 Bxd4 9. Nxd4 Qxd4 10. Nc3 Na6 1/2-1/2

[Event "5th Koge Open 2024"]
[Site "Koge"]
[Date "2024.07.11"]
[Round "6"]
[White "Gomez Aguirre, Juan Alberto"]
[Black "Falkesgaard, Jeppe Hald"]
[Result "1/2-1/2"]
[WhiteElo "2322"]
[BlackElo "2321"]
[PlyCount "71"]
[EventDate "2024.07.09"]
[EventType "tourn"]
[EventRounds "9"]
[EventCountry "DEN"]
[SourceTitle "Live from Koge Chess"]

1. d4 d5 2. c4 c6 3. cxd5 cxd5 4. Bf4 Nc6 5. e3 Nf6 6. Nc3 a6 7. Be2 Bf5 8. Nf3 e6 9. Qb3 Ra7 10. Ne5 Bd6 11. Nxc6 bxc6 12. Bxd6 Qxd6 13. O-O O-O 14. Na4 Rb8 15. Qd1 e5 16. b3 a5 17. Rc1 Re7 18. dxe5 Rxe5 19. Qd4 Nd7 20. Qc3 c5 21. Bf3 Rb5 22. Rfd1 h5 23. e4 Bxe4 24. Bxe4 Rxe4 25. Qf3 Rbb4 26. Nc3 Ne5 27. Qxh5 Rh4 28. Qf5 Rxh2 29. Rxd5 Rbh4 30. f3 Qg6 31. Qxg6 Nxg6 32. Rcd1 Nf4 33. Rd8+ Kh7 34. R8d2 Rh1+ 35. Kf2 R1h2 36. Rg1 1/2-1/2

[Event "5th Koge Open 2024"]
[Site "Koge"]
[Date "2024.07.11"]
[Round "6"]
[White "Ermitsch, Magnus"]
[Black "Hector, Jonny"]
[Result "1/2-1/2"]
[WhiteElo "2383"]
[BlackElo "2410"]
[PlyCount "73"]
[EventDate "2024.07.09"]
[EventType "tourn"]
[EventRounds "9"]
[EventCountry "DEN"]
[SourceTitle "Live from Koge Chess"]

1. e4 e5 2. Nf3 Nc6 3. Bc4 Nf6 4. Ng5 d5 5. exd5 Na5 6. Bb5+ Bd7 7. Qe2 Bd6 8. Bxd7+ Qxd7 9. Nc3 c6 10. dxc6 Nxc6 11. d3 Nd4 12. Qd1 Rc8 13. O-O O-O 14. a3 Rfe8 15. Be3 b5 16. Rc1 Bxa3 17. Nxb5 Bxb2 18. Rb1 Qxb5 19. c4 Qb6 20. Nf3 Ng4 21. Nxd4 Nxe3 22. fxe3 exd4 23. e4 Rb8 24. Rf2 Qb3 25. Qf3 f6 26. Rbxb2 Qxb2 27. Rxb2 Rxb2 28. Qf5 Rc2 29. h4 h6 30. Qb5 Rd8 31. Qa4 Rc3 32. Qa5 Rd7 33. Qb5 Rf7 34. c5 Kh7 35. Qe8 Rc7 36. h5 R7xc5 37. Qg6+ 1/2-1/2

[Event "5th Koge Open 2024"]
[Site "Koge"]
[Date "2024.07.11"]
[Round "6"]
[White "Petrov, Martin"]
[Black "Heimisson, Hilmir Freyr"]
[Result "1/2-1/2"]
[WhiteElo "2531"]
[BlackElo "2392"]
[PlyCount "37"]
[EventDate "2024.07.09"]
[EventType "tourn"]
[EventRounds "9"]
[EventCountry "DEN"]
[SourceTitle "Live from Koge Chess"]

1. e4 c5 2. Nf3 d6 3. d4 cxd4 4. Nxd4 Nf6 5. Nc3 Nc6 6. Bg5 e6 7. Qd2 a6 8. O-O-O Be7 9. Kb1 Nxd4 10. Qxd4 h6 11. Bxf6 Bxf6 12. Qxd6 Qxd6 13. Rxd6 Bd7 14. f4 g5 15. Nd5 Bd8 16. Nb6 Bxb6 17. Rxb6 O-O-O 18. fxg5 hxg5 19. Rd6 1/2-1/2

[Event "5th Koge Open 2024"]
[Site "Koge"]
[Date "2024.07.11"]
[Round "6"]
[White "Kistrup, Nicolai"]
[Black "Fries Nielsen, Jens Ove"]
[Result "0-1"]
[WhiteElo "2367"]
[BlackElo "2347"]
[PlyCount "80"]
[EventDate "2024.07.09"]
[EventType "tourn"]
[EventRounds "9"]
[EventCountry "DEN"]
[SourceTitle "Live from Koge Chess"]

1. d4 g6 2. e4 Bg7 3. Nc3 a6 4. Nf3 d6 5. Be3 Nd7 6. Qd2 h6 7. O-O-O e6 8. h4 b5 9. Kb1 Nb6 10. Bd3 Bb7 11. Ne2 Nf6 12. Ng3 Ng4 13. h5 g5 14. Nh2 Nxe3 15. Qxe3 Qe7 16. Ng4 O-O-O 17. c3 Kb8 18. f4 gxf4 19. Qxf4 Rhg8 20. Rdf1 Rdf8 21. Rf2 Bc8 22. e5 Nd5 23. Qf3 f5 24. exf6 Nxf6 25. Nxf6 Bxf6 26. Qe3 Bg5 27. Rxf8 Rxf8 28. Qe2 Bb7 29. Be4 d5 30. Bg6 Qd6 31. Rf1 Rf4 32. a3 Rh4 33. Qf3 Ka7 34. Ka2 c5 35. Ne2 e5 36. Qg3 cxd4 37. cxd4 Qc6 38. Qxe5 b4 39. Rf3 a5 40. a4 Qc4+ 0-1

[Event "5th Koge Open 2024"]
[Site "Koge"]
[Date "2024.07.12"]
[Round "7"]
[White "Heimisson, Hilmir Freyr"]
[Black "Smith, Axel"]
[Result "1/2-1/2"]
[WhiteElo "2392"]
[BlackElo "2420"]
[PlyCount "115"]
[EventDate "2024.07.09"]
[EventType "tourn"]
[EventRounds "9"]
[EventCountry "DEN"]
[SourceTitle "Live from Koge Chess"]

1. Nf3 d5 2. d4 Nf6 3. c4 e6 4. Nc3 c5 5. cxd5 exd5 6. Bg5 Be6 7. Bxf6 Qxf6 8. e4 dxe4 9. Nxe4 Qf4 10. Bb5+ Nc6 11. Qe2 Be7 12. O-O O-O 13. Nxc5 Nxd4 14. Nxd4 Bxc5 15. Nxe6 fxe6 16. g3 Qf6 17. Rae1 Kh8 18. Bd3 Bd4 19. Kg2 Rad8 20. f4 g6 21. Rf3 b6 22. b3 Rd6 23. Bc4 Bc3 24. Rd1 Rxd1 25. Qxd1 Rd8 26. Rd3 Rxd3 27. Qxd3 Kg7 28. Qd7+ Qf7 29. Qd6 Qb7+ 30. Kh3 h5 31. Qxe6 Bf6 32. f5 gxf5 33. Qxf5 h4 34. Kg4 Qe7 35. gxh4 Qe5 36. Qd7+ Kh6 37. Qd2+ Kg7 38. Qg2 Kh6 39. Qg3 Qh5+ 40. Kh3 Qf5+ 41. Kg2 Qe4+ 42. Qf3 Qxf3+ 43. Kxf3 Bxh4 44. Ba6 Be7 45. Ke4 Kg5 46. Kd5 Kh4 47. Kc6 Kh3 48. Kb7 Kxh2 49. Kxa7 Bc5 50. Kb7 Kg3 51. Kc6 Kf4 52. Kb5 Ke5 53. b4 Bf2 54. Kc6 Ke6 55. Bc8+ Ke7 56. a4 Kd8 57. Bf5 Be3 58. a5 1/2-1/2

[Event "5th Koge Open 2024"]
[Site "Koge"]
[Date "2024.07.12"]
[Round "7"]
[White "Liu, Casper Yukun"]
[Black "Gomez Aguirre, Juan Alberto"]
[Result "1/2-1/2"]
[WhiteElo "2316"]
[BlackElo "2322"]
[PlyCount "64"]
[EventDate "2024.07.09"]
[EventType "tourn"]
[EventRounds "9"]
[EventCountry "DEN"]
[SourceTitle "Live from Koge Chess"]

1. d4 Nf6 2. c4 e6 3. g3 d5 4. Bg2 dxc4 5. Nf3 Nbd7 6. Nbd2 Nb6 7. O-O Be7 8. a4 a5 9. Qc2 O-O 10. Nxc4 Nxc4 11. Qxc4 Nd5 12. Ne5 Qd6 13. Bf4 Nxf4 14. gxf4 c6 15. e3 Bd7 16. Be4 g6 17. Kh1 Be8 18. Rg1 f6 19. Nd3 Bf7 20. Qc2 Kg7 21. Rg3 Rac8 22. Rag1 f5 23. Bf3 Qd8 24. Qc3 Bf6 25. Rc1 c5 26. Bxb7 Rb8 27. Bc6 cxd4 28. Qa3 Rc8 29. Qb3 e5 30. Qb7 Rc7 31. Qb5 Rxc6 32. Rxc6 Bd5+ 1/2-1/2

[Event "5th Koge Open 2024"]
[Site "Koge"]
[Date "2024.07.12"]
[Round "7"]
[White "Falkesgaard, Jeppe Hald"]
[Black "Ermitsch, Magnus"]
[Result "0-1"]
[WhiteElo "2321"]
[BlackElo "2383"]
[PlyCount "168"]
[EventDate "2024.07.09"]
[EventType "tourn"]
[EventRounds "9"]
[EventCountry "DEN"]
[SourceTitle "Live from Koge Chess"]

1. d4 d5 2. c4 e6 3. Nc3 Nf6 4. cxd5 exd5 5. Bg5 Be7 6. e3 O-O 7. Bd3 h6 8. Bh4 Re8 9. Nge2 Nbd7 10. O-O c6 11. Qc2 Nh5 12. Bxe7 Qxe7 13. a3 Nb6 14. b4 a6 15. Nc1 Qg5 16. Kh1 Nf6 17. Nb3 Qh4 18. Rae1 Be6 19. f3 Re7 20. Qf2 Qxf2 21. Rxf2 Rd8 22. a4 Ne8 23. b5 axb5 24. axb5 Nd6 25. bxc6 bxc6 26. Na5 Rc7 27. Rb1 Ra8 28. Rxb6 Rxa5 29. h4 Kf8 30. Rc2 Ke7 31. e4 Kd7 32. Kg1 Ra3 33. Kf2 dxe4 34. fxe4 Bc4 35. Ke3 f5 36. exf5 Bxd3 37. Kxd3 Nxf5 38. Rf2 Ne7 39. Rb8 c5 40. Ra2 Rxa2 41. Nxa2 Ra7 42. Rb2 cxd4 43. Kxd4 Ra4+ 44. Ke3 Rxh4 45. Nc3 g5 46. Ne2 Nd5+ 47. Kf3 Ke6 48. g4 Rh1 49. Ng3 Ra1 50. Nf5 Ra3+ 51. Kf2 Ke5 52. Rb5 Ke4 53. Nd6+ Kd4 54. Nf5+ Kc4 55. Nd6+ Kd4 56. Nf5+ Ke5 57. Nxh6 Ke4 58. Nf5 Rf3+ 59. Kg1 Rd3 60. Ra5 Kf3 61. Ra2 Nf4 62. Rf2+ Kxg4 63. Nh6+ Kh5 64. Rh2+ Kg6 65. Ng4 Rg3+ 66. Kf2 Rxg4 67. Kf3 Rg1 68. Ra2 Rd1 69. Kg4 Rd4 70. Ra6+ Ne6+ 71. Kg3 Kf6 72. Rb6 Re4 73. Rb5 Re5 74. Rb7 Re4 75. Rb5 Kg6 76. Rb7 Nd4 77. Rb8 Nf5+ 78. Kf3 Re3+ 79. Kf2 Ra3 80. Rg8+ Kh5 81. Rb8 g4 82. Rg8 Ra2+ 83. Kg1 Kh4 84. Rf8 Kg3 0-1

[Event "5th Koge Open 2024"]
[Site "Koge"]
[Date "2024.07.12"]
[Round "7"]
[White "Hector, Jonny"]
[Black "Kistrup, Nicolai"]
[Result "0-1"]
[WhiteElo "2410"]
[BlackElo "2367"]
[PlyCount "88"]
[EventDate "2024.07.09"]
[EventType "tourn"]
[EventRounds "9"]
[EventCountry "DEN"]
[SourceTitle "Live from Koge Chess"]

1. e4 e5 2. Nf3 Nc6 3. Bc4 Nf6 4. d3 Bc5 5. Nc3 O-O 6. h3 Na5 7. Bg5 h6 8. Bh4 Nxc4 9. dxc4 g5 10. Bg3 d6 11. Qd3 Qe7 12. Bh2 a6 13. g4 c6 14. a4 Be6 15. Rd1 Rfd8 16. O-O Nh7 17. Ne2 h5 18. gxh5 Bxh3 19. Rfe1 Qf6 20. Bg3 Bg4 21. Nh2 Bxh5 22. Kg2 Kg7 23. f3 Nf8 24. Bf2 Ne6 25. Bxc5 dxc5 26. Qe3 Nf4+ 27. Nxf4 Qxf4 28. Qxc5 g4 29. fxg4 Bxg4 30. Rd3 Rxd3 31. cxd3 Rh8 32. Qg1 Rh3 33. Rf1 Rg3+ 34. Kh1 Rxg1+ 35. Rxg1 Kf8 36. Nxg4 Qf3+ 37. Kh2 Qxd3 38. Nf2 Qxc4 39. Rd1 Qxa4 40. Rd7 Qb3 41. Ng4 Qe6 42. Rd8+ Ke7 43. Rg8 Qb3 44. Nh6 Qc2+ 0-1

[Event "5th Koge Open 2024"]
[Site "Koge"]
[Date "2024.07.12"]
[Round "7"]
[White "Fries Nielsen, Jens Ove"]
[Black "Petrov, Martin"]
[Result "0-1"]
[WhiteElo "2347"]
[BlackElo "2531"]
[PlyCount "58"]
[EventDate "2024.07.09"]
[EventType "tourn"]
[EventRounds "9"]
[EventCountry "DEN"]
[SourceTitle "Live from Koge Chess"]

1. d4 Nf6 2. Nf3 e6 3. e3 b6 4. Bd3 Bb7 5. O-O d5 6. b3 Bd6 7. Bb2 O-O 8. Nbd2 a5 9. a3 c5 10. Ne5 a4 11. f4 cxd4 12. exd4 Ne4 13. f5 f6 14. Ng6 hxg6 15. fxg6 f5 16. Nxe4 Bxh2+ 17. Kxh2 Qh4+ 18. Kg1 dxe4 19. Bc4 Bd5 20. Qe2 Nc6 21. Bxd5 exd5 22. c4 Ne7 23. Rac1 Nxg6 24. Rc2 axb3 25. Rc3 Nf4 26. Qd2 Nd3 27. cxd5 f4 28. Rxd3 exd3 29. Qxd3 f3 0-1

[Event "5th Koge Open 2024"]
[Site "Koge"]
[Date "2024.07.13"]
[Round "8"]
[White "Smith, Axel"]
[Black "Fries Nielsen, Jens Ove"]
[Result "1-0"]
[WhiteElo "2420"]
[BlackElo "2347"]
[PlyCount "163"]
[EventDate "2024.07.09"]
[EventType "tourn"]
[EventRounds "9"]
[EventCountry "DEN"]
[SourceTitle "Live from Koge Chess"]

1. e4 c6 2. d4 Na6 3. Nc3 Nc7 4. Bd3 d5 5. Nf3 dxe4 6. Nxe4 Nf6 7. h3 g6 8. O-O Bg7 9. Re1 O-O 10. c3 a5 11. Bf4 Ncd5 12. Bh2 a4 13. Qd2 Nxe4 14. Bxe4 a3 15. b3 c5 16. Be5 cxd4 17. Bxg7 Kxg7 18. Bxd5 Qxd5 19. Rxe7 d3 20. Re5 Qd6 21. Re3 Rd8 22. Nd4 b6 23. Rxd3 Kg8 24. Rd1 Bb7 25. Nb5 Qxd3 26. Qxd3 Rxd3 27. Rxd3 Bc6 28. Nd4 Be4 29. Re3 Bb1 30. Re1 Bd3 31. Re3 Bb1 32. Re1 Bd3 33. Rd1 Ba6 34. f3 f5 35. Kf2 Kf7 36. Nc2 Ke7 37. Rd4 Bb7 38. Rb4 Ra6 39. Ke3 Kd6 40. Kd4 Bc6 41. c4 Kc7 42. Ne3 Ra8 43. Nd5+ Bxd5 44. cxd5 Re8 45. Rc4+ Kd7 46. Ra4 Re2 47. Rxa3 Rxg2 48. Ra7+ Kd6 49. Rxh7 Rxa2 50. Rb7 Rd2+ 51. Ke3 Rh2 52. Rxb6+ Kxd5 53. Rxg6 Ke5 54. Ra6 Rxh3 55. Ra5+ Kf6 56. b4 Ke6 57. b5 Kd6 58. b6 Kc6 59. Rxf5 Kxb6 60. Rd5 Kc6 61. Rd3 Rh8 62. Ke4 Re8+ 63. Kf5 Rf8+ 64. Ke6 Re8+ 65. Kf7 Re5 66. Kf6 Re8 67. f4 Rf8+ 68. Kg5 Rg8+ 69. Kf5 Rf8+ 70. Kg4 Rg8+ 71. Kf3 Rf8 72. Rd1 Kc5 73. Kg4 Rg8+ 74. Kh5 Rf8 75. Kg5 Rg8+ 76. Kh6 Rf8 77. Rf1 Kd6 78. Kg7 Rf5 79. Kg6 Ra5 80. f5 Ke7 81. f6+ Kf8 82. Rh1 1-0

[Event "5th Koge Open 2024"]
[Site "Koge"]
[Date "2024.07.13"]
[Round "8"]
[White "Gomez Aguirre, Juan Alberto"]
[Black "Heimisson, Hilmir Freyr"]
[Result "1-0"]
[WhiteElo "2322"]
[BlackElo "2392"]
[PlyCount "95"]
[EventDate "2024.07.09"]
[EventType "tourn"]
[EventRounds "9"]
[EventCountry "DEN"]
[SourceTitle "Live from Koge Chess"]

1. d4 d5 2. c4 e6 3. Nc3 Bb4 4. e3 Nf6 5. a3 Bxc3+ 6. bxc3 O-O 7. cxd5 exd5 8. Bd3 b6 9. f3 Ba6 10. Ne2 Bxd3 11. Qxd3 Qc8 12. e4 Qa6 13. Qe3 Re8 14. e5 Nc6 15. O-O Nd7 16. Ng3 Ne7 17. Nh5 Ng6 18. f4 f5 19. g4 Rf8 20. gxf5 Rxf5 21. Ng3 Nh4 22. Nxf5 Nxf5 23. Qf3 Qc4 24. Rd1 b5 25. a4 bxa4 26. Rxa4 Nh4 27. Rxc4 Nxf3+ 28. Kf2 dxc4 29. Kxf3 Rb8 30. d5 Rb1 31. e6 Nc5 32. Rd4 Na4 33. Rxc4 Nb6 34. Rxc7 Rxc1 35. d6 Kf8 36. Rf7+ Kg8 37. d7 Rxc3+ 38. Ke4 Nxd7 39. exd7 Rc4+ 40. Kd5 Kxf7 41. d8=Q Rc1 42. Qd7+ Kf8 43. Qxa7 Rd1+ 44. Ke6 Re1+ 45. Kf5 Re7 46. Qc5 Kf7 47. Kg5 Re6 48. Qf5+ 1-0

[Event "5th Koge Open 2024"]
[Site "Koge"]
[Date "2024.07.13"]
[Round "8"]
[White "Ermitsch, Magnus"]
[Black "Liu, Casper Yukun"]
[Result "0-1"]
[WhiteElo "2383"]
[BlackElo "2316"]
[PlyCount "50"]
[EventDate "2024.07.09"]
[EventType "tourn"]
[EventRounds "9"]
[EventCountry "DEN"]
[SourceTitle "Live from Koge Chess"]

1. e4 e6 2. d4 d5 3. Bd3 Nf6 4. e5 Nfd7 5. c3 c5 6. Nf3 Nc6 7. O-O Qb6 8. Bc2 f6 9. Re1 cxd4 10. cxd4 fxe5 11. Nxe5 Ndxe5 12. dxe5 Bc5 13. Be3 d4 14. Qh5+ Kd8 15. Bg5+ Kc7 16. Na3 Qxb2 17. Qf7+ Bd7 18. Rab1 Qxa3 19. Rxb7+ Kxb7 20. Qxd7+ Kb6 21. Be4 Rac8 22. Rb1+ Bb4 23. Bc1 Qc3 24. Bb2 Qc4 25. a3 Rc7 0-1

[Event "5th Koge Open 2024"]
[Site "Koge"]
[Date "2024.07.13"]
[Round "8"]
[White "Kistrup, Nicolai"]
[Black "Petrov, Martin"]
[Result "0-1"]
[WhiteElo "2367"]
[BlackElo "2531"]
[PlyCount "68"]
[EventDate "2024.07.09"]
[EventType "tourn"]
[EventRounds "9"]
[EventCountry "DEN"]
[SourceTitle "Live from Koge Chess"]

1. d4 Nf6 2. c4 e6 3. Nc3 Bb4 4. Qc2 O-O 5. e4 d6 6. e5 Nfd7 7. a3 Bxc3+ 8. Qxc3 c5 9. exd6 cxd4 10. Qxd4 Nc6 11. Qc3 Nc5 12. b4 Ne4 13. Qf3 Nxd6 14. Bb2 Nf5 15. Ne2 e5 16. Rd1 Qe7 17. Ng3 Ncd4 18. Qc3 Nh4 19. f3 f5 20. Kf2 f4 21. Ne4 Nhf5 22. Bc1 Be6 23. Bd3 Qh4+ 24. g3 Qh5 25. g4 Qh3 26. Bf1 Qh4+ 27. Kg2 Ne3+ 28. Bxe3 fxe3 29. Rxd4 exd4 30. Qxd4 Bxg4 31. Qd5+ Kh8 32. fxg4 Rad8 33. Qxb7 Qxg4+ 34. Ng3 Rd2+ 0-1

[Event "5th Koge Open 2024"]
[Site "Koge"]
[Date "2024.07.14"]
[Round "9"]
[White "Heimisson, Hilmir Freyr"]
[Black "Ermitsch, Magnus"]
[Result "0-1"]
[WhiteElo "2392"]
[BlackElo "2383"]
[PlyCount "82"]
[EventDate "2024.07.09"]
[EventType "tourn"]
[EventRounds "9"]
[EventCountry "DEN"]
[SourceTitle "Live from Koge Chess"]

1. d4 d5 2. c4 e6 3. Nc3 Nf6 4. Nf3 Be7 5. g3 O-O 6. Bg2 c6 7. O-O Nbd7 8. b3 b6 9. Bb2 Ba6 10. Rc1 b5 11. Nd2 Nb6 12. c5 b4 13. cxb6 bxc3 14. b7 Bxb7 15. Bxc3 a5 16. Qc2 Ba6 17. Nf3 Nd7 18. Rfd1 Qb6 19. h4 h6 20. Ne1 Rfc8 21. Qd2 Qb8 22. Nd3 a4 23. b4 Bxd3 24. Qxd3 a3 25. Rb1 Qb5 26. Qf3 Ra4 27. Rb3 Bxb4 28. Rdb1 Bxc3 29. Rxb5 cxb5 30. e3 b4 31. Bf1 Nb6 32. Qd1 Ra7 33. Bd3 Nc4 34. Rc1 Nb2 35. Qc2 Nxd3 36. Qxd3 b3 37. Rxc3 Rxc3 38. Qxc3 b2 39. Qc8+ Kh7 40. Qb8 Ra4 41. Qb7 Rc4 0-1

[Event "5th Koge Open 2024"]
[Site "Koge"]
[Date "2024.07.14"]
[Round "9"]
[White "Liu, Casper Yukun"]
[Black "Hector, Jonny"]
[Result "0-1"]
[WhiteElo "2316"]
[BlackElo "2410"]
[PlyCount "102"]
[EventDate "2024.07.09"]
[EventType "tourn"]
[EventRounds "9"]
[EventCountry "DEN"]
[SourceTitle "Live from Koge Chess"]

1. d4 d5 2. Nf3 Nf6 3. c4 c6 4. g3 Bf5 5. Nc3 e6 6. Nh4 dxc4 7. Nxf5 exf5 8. e3 Bd6 9. Bxc4 O-O 10. O-O Nbd7 11. a4 Rc8 12. a5 a6 13. Qb3 Qc7 14. Bd2 Rce8 15. Kg2 Re7 16. f3 c5 17. Bd3 g6 18. Rac1 Qb8 19. Bc4 f4 20. exf4 cxd4 21. Nd5 Nxd5 22. Bxd5 Nf6 23. Bc4 Qd8 24. Qd3 Rd7 25. Rfe1 Re8 26. Rxe8+ Nxe8 27. f5 Qf6 28. Bd5 gxf5 29. Rc8 Re7 30. Qc4 Kg7 31. b4 f4 32. Bxb7 fxg3 33. hxg3 Bc7 34. Qxa6 Nd6 35. Ra8 Qe5 36. Be4 Re6 37. Bf4 Qh5 38. Bxd6 Bxd6 39. Qc8 Kh6 40. Qc1+ Kg7 41. Qc8 Kh6 42. Qh8 f5 43. Ra7 Qg6 44. Rxh7+ Qxh7 45. Qxh7+ Kxh7 46. Bxf5+ Rg6 47. a6 Bb8 48. f4 Kg7 49. Bxg6 Kxg6 50. Kf3 Ba7 51. g4 d3 0-1